1748 1694 1054 1129 1771 1424 1957 1968 1790 1490 1222 1406 1735 1962 1092 1826 1958 1661 1404 1930 1640 1506 1254 1510 1068 1923 1925 1585 1160 1540 1761 1094 1885 1730 1545 1464 1012 1782 1444 1310 1292 1804 1562 1877 1935 1976 1782 1414 1825 1957 1803 1556 1391 1082 1629 1348 1626 1137 1541 1910 1430 1172 1956 1880 1731 1151 1256 1349 1044 1483 1824 1594 1985 1637 1746 1000 1433 1387 1759 1169 1102 1022 1026 1006 1803 1745 1321 1076 1070 1830 1260 1992 1003 1081 1646 1251 1571 1106 1646 BCNSPRNW ULIB Ver.6.0+V

เปลี่ยนเป็นภาษาไทย

Change to English
 แสดงรายละเอียดบรรณานุกรม
  กลับหน้าหลัก

Brief Record : Get Marc (ISO 2709) : E-mail record : QR code < ปิดหน้าต่าง
LEADER : 00000nam 2200000uu 4500
001    13399109517
003     ULIB
008    110404s2543||||th 000 0 tha d
020    9748317102
060 04 WB310^bส576ส 2543
100 0  สันต์ หัตถีรัตน์
245 10 สิทธิ์ที่จะอยู่หรือตาย :^bและการดูแลผู้ป่วยที่หมดหวัง /^cโดย สันต์ หัตถีรัตน์
250    แก้ไขปรับปรุง/พิมพ์ครั้งที่ 2
260    กรุงเทพฯ :^bหมอชาวบ้าน,^c2543
300    209 หน้า ;^c21 ซม.
650  7 ผู้ป่วย, การจัดการดูแล
650  7 ผู้ป่วย, สิทธิ
650  7 ผู้ป่วยหนัก^xการดูแล
650  7 สิทธิผู้ป่วย
650  7 สิทธิที่จะตาย
945    ^p135^l0^i024187
945    ^p135^l0^i023667
945    ^p135^l0^i018944
945    ^p135^l0^i018943
995    ทศพร
999 ^a ใช้งานได้ทุกระบบ
รายการนี้ยังไม่มีแท็ก
คุณยังไม่ได้ล็อกอิน คุณสามารถมีกิจกรรมร่วมกับเว็บไซต์ได้ แต่ต้องล็อกอินก่อน ::
  ล็อกอิน

รายการสื่อสารสนเทศ

ลำดับที่ ประเภท เลขเรียก/บาร์โค้ด สถานที่ สถานะ
- ไม่พบข้อมูล -

รายการใกล้เคียง
    ผู้แต่ง [สันต์ หัตถีรัตน์]

    หัวเรื่อง [ผู้ป่วย, การจัดการดูแล]
    หัวเรื่อง [ผู้ป่วย, สิทธิ]
    หัวเรื่อง [สิทธิผู้ป่วย]
    หัวเรื่อง [สิทธิที่จะตาย]

BibComment


ยังไม่เคยถูกคอมเมนท์

คอมเมนท์ทรัพยากรรายการนี้
  คอมเมนท์: สิทธิ์ที่จะอยู่หร..


 Copyright 2026. Bcnsprnw @Library